Engineering Thermodynamics (Record no. 4884)

MARC details
000 -LEADER
fixed length control field 00399nam a22001697a 4500
005 - DATE AND TIME OF LATEST TRANSACTION
control field 20160630112416.0
008 - FIXED-LENGTH DATA ELEMENTS--GENERAL INFORMATION
fixed length control field 160630b xxu||||| |||| 00| 0 eng d
020 ## - INTERNATIONAL STANDARD BOOK NUMBER
ISBN 978-1-25-906256-8
041 ## - LANGUAGE CODE
Language code of text/sound track or separate title eng
082 ## - DEWEY DECIMAL CLASSIFICATION NUMBER
Item number 19545
100 ## - MAIN ENTRY--AUTHOR NAME
Personal name Nag P K
245 ## - TITLE STATEMENT
Title Engineering Thermodynamics
260 ## - PUBLICATION, DISTRIBUTION, ETC. (IMPRINT)
Name of publisher Mc graw Hill
Year of publication 2014
300 ## - PHYSICAL DESCRIPTION
Number of Pages 908
650 ## - SUBJECT ADDED ENTRY--TOPICAL TERM
Topical Term Diploma Engineering
942 ## - ADDED ENTRY ELEMENTS (KOHA)
Koha item type Books
Holdings
Lost status Damaged status Collection code Home library Current library Shelving location Date acquired Cost, normal purchase price Full call number Accession Number Koha item type
    MINING JRU Library JRU Library SHELF-58-B 30/06/2016 575.00 19545 19545 Books
    MINING JRU Library JRU Library SHELF-58-B 30/06/2016 575.00 19545 19546 Books
      JRU Library   SHELF-37-M 30/06/2016 575.00 19545 19547 Books
Lost and Paid For     JRU Library   SHELF-37-M 30/06/2016 575.00 19545 19548 Books
    MINING JRU Library JRU Library SHELF-58-B 30/06/2016 575.00 19545 19549 Books
      JRU Library   SHELF-37-M 30/06/2016 575.00 19545 19550 Books
      JRU Library   SHELF-37-M 30/06/2016 575.00 19545 19551 Books
      JRU Library   SHELF-37-M 30/06/2016 575.00 19545 19552 Books
      JRU Library   SHELF-37-M 30/06/2016 575.00 19545 19553 Books
    MINING JRU Library JRU Library SHELF-58-B 30/06/2016 575.00 19545 19554 Books